00372 a2200109 4500001001000000005001700010008004100027245008000068100002200148773007500170999001700245ART_5516920260410161823.0260409a 10aViabilidad del beneficio de condonación de multa a la luz de la ley 275411 aBello, Alberto M.0 tDoctrina Penal Tributaria y Económicag- N° 62 (dic. 2021)wREV4317 c22499d22499